| 000 | 00627nam a22002057a 4500 | ||
|---|---|---|---|
| 003 | OSt | ||
| 005 | 20260309084655.0 | ||
| 008 | 260309b |||||||| |||| 00| 0 eng d | ||
| 020 | _a0-13042169-3. | ||
| 040 |
_aDWCL Main lib _cOC |
||
| 082 |
_27th ed. _aCirc. 576 B615 1994 |
||
| 100 | _aBrock, Thomas D. | ||
| 245 |
_aBiology for microorganisms _cThomas D. Brock |
||
| 250 | _a7th ed. | ||
| 260 |
_aNew Jersey : _bPrentice Hall, _cc1994. |
||
| 300 |
_axvii, 909 p. : _bcol. ill. ; _c28 cm. |
||
| 504 | _aIncludes bibliographical references and index. | ||
| 650 | _aMicrobiology. | ||
| 942 |
_2ddc _cBK-CIRC _e7th ed. _kCirc. _n0 |
||
| 999 |
_c8776 _d8776 |
||